000 00799nam a22001937a 4500
999 _c371666
_d371666
008 201127b ||||| |||| 00| 0 eng d
040 _aDE-2950
_bger
_cDE-2950
_erda
041 _ager
245 _aUnterricht wie vor 100 Jahren.
_bKindertag: Zu einer historischen Klassenstunde hat Konrad Tschäpe vom Museum Viadrina eingeladen. Die Unterschiede zu heute sind groß, merken die Schüler gleich am Anfang /
_cPhilipp Stepputtis
264 _c2022
653 _aFrankfurt (Oder)
653 _aMuseum Viadrina
653 _aHistorisches Klassenzimmer
773 _dFrankfurt (Oder) Märkisches Verlags- und Druckhaus GmbH & Co KG
_tMärkische Oderzeitung
_g33. Jahrgang (2022) Nr. 127 vom 02.06.2022, S. 15
942 _cA